Zamestnávanie cudzincov v podmienkach Slovenskej republiky bakalárska práca

Na minha lista:
Detalhes bibliográficos
Autor principal: Boráková, Silvia
Autor Corporativo: Národohospodárska fakulta EU. Katedra sociálneho rozvoja a práce
Outros Autores: Kováčová, Jaroslava
Formato: Livro
Idioma:eslovaco
Publicado em: Bratislava 2013
Tags: Adicionar Tag
Sem tags, seja o primeiro a adicionar uma tag!

MARC

LEADER 00000nbm a2200000 4500
001 0172657
005 20161109112108.8
041 0 |a slo 
044 |a SK 
245 1 0 |a Zamestnávanie cudzincov v podmienkach Slovenskej republiky  |b bakalárska práca  |c Silvia Boráková ; školiteľ: Jaroslava Kováčová 
264 1 |a Bratislava  |c 2013 
300 |a 38 s. 
100 1 |a Boráková, Silvia 
700 1 |a Kováčová, Jaroslava 
710 2 |a Národohospodárska fakulta EU. Katedra sociálneho rozvoja a práce